01054cam a2200289 a 450000100090000000300040000900500170001300800410003001000170007101500150008802000150010303500230011804000230014104200140016405000260017808200180020410000220022224500910024426000440033530000330037950000200041263000300043265000340046285600870049685600750058385601060065813461030OSt20150408113723.0040116s2003 nyua 001 0 eng  a 2004268311 aGBA3-W5106 a0072229411 a(OCoLC)ocm52532332 aUKMcUKMdIXAdDLC alccopycat00aQA76.76.O63bY44 200300a005.4/4762221 aYegulalp, Serdar.10aWindows Server undocumented solutions :bbeyond the knowledge base /cSerdar Yegulalp. aNew York :bMcGraw-Hill/Osborne,c2003. axx, 297 p. :bill. ;c24 cm. aIncludes index.00aMicrosoft Windows server. 0aOperating systems (Computers)423Publisher descriptionuhttp://www.loc.gov/catdir/description/mh051/2004268311.html413Table of contentsuhttp://www.loc.gov/catdir/toc/mh041/2004268311.html423Contributor biographical informationuhttp://www.loc.gov/catdir/enhancements/fy0705/2004268311-b.html